| 000 -LEADER |
| fixed length control field |
01038nam a22001577a 4500 |
| 008 - FIXED-LENGTH DATA ELEMENTS--GENERAL INFORMATION |
| fixed length control field |
231020b ||||| |||| 00| 0 eng d |
| 100 ## - MAIN ENTRY--PERSONAL NAME |
| Personal name |
Kaur, Gursharan and Luthra, Ashwani |
| 245 ## - TITLE STATEMENT |
| Title |
Issues regarding infrastructure provisions in formal private sector housing (FPSH) in Amritsar, Punjab, India |
| 260 ## - PUBLICATION, DISTRIBUTION, ETC. (IMPRINT) |
| Place of publication, distribution, etc |
Nagarlok |
| 300 ## - PHYSICAL DESCRIPTION |
| Extent |
55(1), Mar, 2023: p.21-40 |
| 520 ## - SUMMARY, ETC. |
| Summary, etc |
During 1991, India pursed economic reform and liberalized various economic sectors, housing was also one of them. The condoned increment of urban population and limited public sector resources to fulfill the ever rising needs of the urbanities has been the mother land of private sector participation in the housing and infrastructure sector in the global and Indian market. – Reproduced |
| 650 ## - SUBJECT ADDED ENTRY--TOPICAL TERM |
| Topical term or geographic name as entry element |
Infrastructure, Formal Private sector, The Punjab apartment and property regulation act, 1995 (Amended in 2006), Punjab urban planning and development authority (PUDA). |
| 9 (RLIN) |
41127 |
| 773 ## - HOST ITEM ENTRY |
| Main entry heading |
Nagarlok |
| 906 ## - LOCAL DATA ELEMENT F, LDF (RLIN) |
| Subject DIP |
HOUSING |
| 942 ## - ADDED ENTRY ELEMENTS (KOHA) |
| Item type |
Articles |